LEADER 01307nam a2200253 4500 001 000000364756 003 CaOOAMICUS 005 20251028161514.0 008 251020s2022 it 000 u ita r 020 $a978-88-6894-556-5 040 $aSeMil$bita 110 2 $aArcidiocesi di Milano : Servizio per la catechesi.$0(OLS)http://semarc/name/47393 245 11$aŤA nostro agio nella storiať :$bprovocazioni del nostro tempo e dimensione liturgica /$cArcidiocesi di Milano ; a cura del Servizio per la Catechesi ; prefazione di Mario Antonelli. 264 1$aMilano :$bCentro Ambrosiano,$c2022. 300 $a142 p. ;$c21 cm 500 $aIn testa al front.: Arcidiocesi di Milano, Quattro giorni Comunitŕ Educanti 2022. 650 4$aCatechesi - Atti di congressi.$0(OLS)http://semarc/subject/8001 700 12$aAntonelli, Mario.$0(OLS)http://semarc/name/122980 850 $aSeMil 852 $aSeMil$W1$xVenegono$y1$m2C VII 287$j263975$B255745$CSeMilBibl$Z2$F255745 $81 996 $6020$a978-88-6894-556-5$9(OLS)http://semarc/number/304380 996 $6245$aŤA nostro agio nella storiať :$bprovocazioni del nostro tempo e dimensione liturgica$9(OLS)http://semarc/title/456235 996 $6264$aMilano :$bCentro Ambrosiano$9(OLS)http://semarc/publisher/29766 LEADER 02073nam a2200361 i 4500 001 000000050902 003 CaOOAMICUS 005 20230313145040.0 008 050217s1975 it u000 u mul u 040 $aSeMil$bita 245 00$aVita di Cipriano ; Vita di Ambrogio ; Vita di Agostino /$c[San Ponzio di Cartagine, Paolino di Milano, San Possidio] ; introduzione di Christine Mohrmann ; testo critico e commento a cura di A. A.R. Bastiaensen ; traduzioni di Luca Canali e Carlo Carena. 264 1$a[Milano] :$bFondazione Lorenzo Valla :$bArnoldo Mondadori,$c1975. 300 $aLXIII, 464 p. ;$c21 cm 490 1 $aScrittori greci e latini 546 $aTesto latino a fronte 600 04$aAgostino, Aurelio .$0(OLS)http://semarc/subject/1856 600 04$aCipriano : di Cartagine .$0(OLS)http://semarc/subject/8365 600 04$aAmbrogio .$0(OLS)http://semarc/subject/356 700 1 $aMohrmann, Christine,$d<1903-1988>.$0(OLS)http://semarc/name/89873 700 1 $aBastiaensen, Antoon Adriaan Robert <1926->.$0(OLS)http://semarc/name/17157 700 1 $aCanali, Luca,$d<1925-2014>.$0(OLS)http://semarc/name/18048 700 1 $aPaulinus : Mediolanensis,$d.$0(OLS)http://semarc/name/25162 700 1 $aCarena, Carlo,$d<1925-2023>.$0(OLS)http://semarc/name/3861 700 0 $aPossidius,$c.$0(OLS)http://semarc/name/25647 700 1 $aPontius,$c.$0(OLS)http://semarc/name/25646 773 0 $tVite dei santi.$kScrittori greci e latini$g3$w()12963 830 0$aScrittori greci e latini.$0(OLS)http://semarc/title/137 850 $aSeMil 852 $aSeMil$W1$xVenegono$y1$m1ZA A 55/3$j238427$B17057$CSeMilBibl$Z2$F17057 $81 961 $aRecupero: Altro 996 $6245$aVita di Cipriano ; Vita di Ambrogio ; Vita di Agostino$9(OLS)http://semarc/title/77797 996 $6264$a[Milano] :$bFondazione Lorenzo Valla :$bArnoldo Mondadori$9(OLS)http://semarc/publisher/30147